Inoculación de maíz (Zea Mays), combinación con fertilización nitrogenada en dos épocas /

Guardado en:
Autor Principal: Manso, Marina Lucrecia.
Autor Corporativo: Universidad Nacional del Sur. Departamento de Agronomía.
Otros Autores: Cantamutto, Miguel A., (tutor.)
Formato: Libro
Idioma:Spanish
Publicado: Bahía Blanca, 2005.
Etiquetas: Agregar Etiqueta
Sin Etiquetas, Sea el primero en etiquetar este registro!
LEADER 00740nam a22001695a 4500
001 EEA.libagro007488
005 20180514123426.0
008 130809s2005####ag#a##########000#0#spa#d
082 0 4 |a 633.15894 
100 1 |a Manso, Marina Lucrecia. 
245 1 0 |a Inoculación de maíz (Zea Mays), combinación con fertilización nitrogenada en dos épocas /  |c Marina Lucrecia Manso. 
260 |a Bahía Blanca,  |c 2005. 
300 |a 39 h. :  |b il. ;  |c 30 cm. 
500 |a Trabajo de intensificación (Ingeniero Agrónomo) -- Universidad Nacional del Sur. Departamento de Agronomía, 2005. 
700 1 |a Cantamutto, Miguel A.,  |e tutor. 
710 2 |a Universidad Nacional del Sur.  |b Departamento de Agronomía. 
859 |a AR-BbBCA  |b BIB. AGRONOMIA  |h 633.15894  |i M289  |p 2005/4859